|
|
|
|
| LEADER |
00767nas a2200193 i 4500 |
| 001 |
acta42582 |
| 005 |
20260224081030.0 |
| 008 |
170210s2016 hu o 000 eng d |
| 022 |
|
|
|a 1417-3875
|
| 040 |
|
|
|a SZTE Egyetemi Kiadványok Repozitórium
|b hun
|
| 041 |
|
|
|a eng
|
| 100 |
1 |
|
|a Dai Binxiang
|
| 245 |
1 |
0 |
|a Positive periodic solutions generated by impulses for the delay Nicholson’s blowflies model
|h [elektronikus dokumentum] /
|c Dai Binxiang
|
| 260 |
|
|
|c 2016
|
| 300 |
|
|
|a 1-11
|
| 490 |
0 |
|
|a Electronic journal of qualitative theory of differential equations
|
| 695 |
|
|
|a kölcsönható részecske rendszerek, Nicholson’s blowflies model
|
| 700 |
0 |
1 |
|a Bao Longsheng
|e aut
|
| 856 |
4 |
0 |
|u http://acta.bibl.u-szeged.hu/42582/1/ejqtde_2016_004_001-011.pdf
|z Dokumentum-elérés
|